000 00439nam a2200145Ia 4500
003 SGT
082 _a4
_bSHA
100 _aSharma,Lalit
245 _aComputer education for B.Ed Course
260 _bWintech Publication
_aFerozepr Cantt
_c2008
300 _a188p.
650 _aCOMPUTER SCIENCE
653 _aINTRODUCTION TO THE COMPUTER,INPUT /OUTPUT DEVICES AND MEMORY,COMPUTER SOFTWARE ,COMPUTER NETWORK,LESSON LIANNING
942 _2ddc
_cBK
999 _c5625
_d5625